000 00846nam a22002657a 4500
001 BR8006271
003 BR-BrBNA
005 20241219180150.0
007 ta
008 230509b bl.||||| |||| 00| 0 por d
040 _aBR-BrBNA
_bpor
_cBiblioteca Nacional de Agricultura
041 _a(Por)
072 _aC00; E50
_b/G514
090 _a C00 BR8006271
_b2024-8444
110 1 _aEmpresa de Assistencia Tecnica e Extensao Rural do Estado do Maranhao, Sao Luis (Brasil)
_94038
245 1 _aBeneficios a seus servidores [Empresa de Assistencia Tecnica e Extensao Rural do Estado do Maranhao, Brasil]
260 3 _aSao Luis, MA (Brasil):
_c1980.
300 _a20 p.
500 _a2 tables; 15 illus.
650 _aINSTITUICAO AGRICOLA
650 _aRECURSO HUMANO
650 _aASSISTENCIA SOCIAL
650 _aMARANHAO
942 _cBK
_2AGRIS
999 _c30525
_d30525